Statistics for Most Populated Countries With Population Under 1 Million

Click here to take the quiz!

General Stats

  • This quiz has been taken 27 times
  • The average score is 7 of 9

Answer Stats

Pop(1000s)Answer% Correct
558 S AMERICASuriname
92%
898 OCEANIAFiji
92%
773 S.AMERICAGuyana
88%
575 EUROPELuxembourg
88%
682 EUROPEMontenegro
81%
795 AFRICAComoros
77%
599 OCEANIASolomon Islands
77%
956 AFRICADjibouti
69%
797 ASIABhutan
54%

Score Distribution

Percentile by Number Answered

Percent of People with Each Score

Your Score History

You have not taken this quiz